Tâm lý học, tập 1

محفوظ في:
التفاصيل البيبلوغرافية
التنسيق: كتاب
منشور في: 1997
الوسوم: إضافة وسم
لا توجد وسوم, كن أول من يضع وسما على هذه التسجيلة!
Thư viện lưu trữ: Mạng thư viện Đại học Đà Nẵng
LEADER 00438nam a22001811a 4500
001 000039150
003 15445
005 20160412021925.0
008 160412s1997 000
082 |a 4V(TK)739-42 
245 |a Tâm lý học, tập 1  |c Nguyễn Văn Lê 
260 |c 1997 
OWN |a LNN 
999 |a From the UDN01 
TYP |a Monograph 
980 |a Mạng thư viện Đại học Đà Nẵng